| 000 | 00813nam a2200193Ia 4500 | ||
|---|---|---|---|
| 003 | GCL | ||
| 008 | 140319s9999 xx 000 0 ara d | ||
| 040 |
_aGCL / _cGCL |
||
| 082 | 0 | 4 |
_a658.910264 _bح ت |
| 100 | 1 | _aحسين سرايا | |
| 245 | 1 | 0 |
_aتنظيم وادارة مراكز المعلومات والحاسبات الالكترونية من منظور عملى تطبيقى / _cحسين سرايا |
| 260 |
_aالقاهرة : _bمركز الاسكندرية للوسائط الثقافية والمكتبات ، _c1998 |
||
| 300 |
_a281 ص ؛ _c24 سم |
||
| 490 |
_aسلسلة المعلومات والحاسب الالكترونى _v0 |
||
| 650 | 0 | 4 | _aالحاسبات الالكترونية |
| 650 | 0 | 4 | _aالتنظيم |
| 650 | 0 | 4 | _aمراكز المعلومات - تنظيم |
| 942 |
_2ddc _cBK |
||
| 999 |
_c52057 _d52057 |
||